000 00684nam a2200217Ii 4500
003 JO-AjNU
008 230605s9999||||xx |||||||||||||| ||und||
017 _a1994/9/1011
040 _aJO-AjNU
_bara
_erda
_cJO-AjNU
041 _aara
050 1 4 _aBP190.5.Y3.F3634 1994
100 3 _aالفقير، حمزة مصطفى,
_eauthor
_910632
245 0 0 _aيأجوج ومأجوج
250 _aط1
264 3 1 _aعمان: دار الاسراء للنشر والتوزيع، 1994
300 _a80ص
336 _atext
_btxt
_2rdacontent
337 _aunmediated
_bn
_2rdamedia
338 _avolume
_bnc
_2rdacarrier
650 4 _aيأجوج ومأجوج- علامات الساعة
_910633
999 _aA1906
_c5474
_d5474